UBT Library

What should I do with my life? / (Record no. 44832)

000 -LEADER
fixed length control field 00669cam a22002294a 4500
001 - CONTROL NUMBER
control field 12751634
005 - DATE AND TIME OF LATEST TRANSACTION
control field 20180313050258.0
008 - FIXED-LENGTH DATA ELEMENTS--GENERAL INFORMATION
fixed length control field 020423s2002 nyua 000 0 eng
010 ## - LIBRARY OF CONGRESS CONTROL NUMBER
LC control number 2002069706
020 ## - INTERNATIONAL STANDARD BOOK NUMBER
International Standard Book Number 0375507493 (alk. paper)
040 ## - CATALOGING SOURCE
Original cataloging agency DLC
Transcribing agency DLC
Modifying agency DLC
041 ## - LANGUAGE CODE
Language code of text/sound track or separate title eng
042 ## - AUTHENTICATION CODE
Authentication code pcc
080 ## - UNIVERSAL DECIMAL CLASSIFICATION NUMBER
Universal Decimal Classification number 170.44 bro
082 00 - DEWEY DECIMAL CLASSIFICATION NUMBER
Classification number 170.44 bro
Edition number 21
100 1# - Rafti
Rafti 49
101 ## - Shkurtesa
Shkurtesa soc
245 10 - TITLE STATEMENT
Title What should I do with my life? /
Statement of responsibility, etc Po Bronson.
906 ## - LOCAL DATA ELEMENT F, LDF (RLIN)
a 7
b cbc
c orignew
d 1
e ocip
f 20
g y-gencatlg
942 ## - ADDED ENTRY ELEMENTS (KOHA)
Source of classification or shelving scheme
Item type Books
Holdings
Withdrawn status Lost status Source of classification or shelving scheme Damaged status Not for loan Collection code Permanent location Current location Shelving location Date acquired Total Checkouts Full call number Barcode Date last seen Price effective from Koha item type
          Koleksioni i përgjithshem UBT - Lipjan UBT - Lipjan Koleksioni i përgjithshem 03/13/2018   170.44 bro 002-3002059 03/13/2018 03/13/2018 Books
UBT Library © 2015-2024. All rights reserved University Education for Business and Technology